[Event "Girona-ch Seniors"]
[Site "Girona"]
[Date "2014.02.25"]
[Round "3.6"]
[White "Estevez Montilla, Francesco"]
[Black "Lambier Cornella, Jaume"]
[Result "1-0"]
[WhiteElo "1995"]
[BlackElo "1780"]
[PlyCount "99"]
[EventDate "2014.02.11"]
[EventType "swiss"]
[EventRounds "6"]
[EventCountry "ESP"]
[SourceTitle "EXT 2024"]
[Source "ChessBase"]
[SourceDate "2023.10.10"]
[SourceVersion "1"]
[SourceVersionDate "2023.10.10"]
[SourceQuality "1"]

1. e4 e6 2. d4 d5 3. e5 c5 4. c3 c4 5. b3 b5 6. a4 Bd7 7. axb5 Bxb5 8. bxc4 Bxc4 9. Bxc4 dxc4 10. Qa4+ Qd7 11. Nd2 Qxa4 12. Rxa4 Ne7 13. Nxc4 Nf5 14. Ne2 Be7 15. Ba3 Bxa3 16. Rxa3 0-0 17. 0-0 Nd7 18. Rb1 Rfb8 19. Rab3 Rxb3 20. Rxb3 Nb6 21. Nd6 g6 22. c4 Ne7 23. Nc3 Nf5 24. Nxf5 gxf5 25. c5 Nc4 26. Rb4 Na5 27. f3 Nc6 28. Ra4 Rd8 29. Nb5 a6 30. Nd6 a5 31. Kf2 f4 32. g3 fxg3+ 33. hxg3 Rb8 34. Ne4 Kg7 35. Ke3 Rb4 36. Rxb4 axb4 37. Nd2 Na5 38. Kd3 Nc6 39. Nb3 Kf8 40. Ke4 Ke7 41. d5 exd5+ 42. Kxd5 Kd7 43. f4 h6 44. g4 Ne7+ 45. Kd4 Kc6 46. Ke4 Kb5 47. f5 Kc4 48. f6 Nc6 49. e6 fxe6 50. f7 1-0